|
|
|
|
| LEADER |
00000nab a2200000 a 4500 |
| 001 |
vtls001506065 |
| 003 |
SK-MaSNL |
| 005 |
20260304171943.0 |
| 008 |
050227s1998 xo 000 0 slo |
| 035 |
|
|
|a SPKCL8392
|
| 040 |
|
|
|a SPKCL
|b slo
|c SNKBUCL
|d ÚIP-SPK(SK)
|e AACR2
|
| 041 |
|
|
|a slo
|
| 044 |
|
|
|a xo
|c SK
|
| 080 |
|
|
|a 801.4:616.89-008.434
|2 1981
|
| 100 |
1 |
|
|a Bugárová, Marta,
|d 1946-
|4 aut
|9 121929
|
| 245 |
1 |
0 |
|a Jazyková analýza syndrómu motorickej afázie
|c Marta Bugárová; Andrea Bugárová
|
| 520 |
|
|
|a Autori v príspevku analyzujú reč, jazykový prejav osôb trpiacich motorickou afáziou. Na účel výskumu bola použitá metóda sluchovej analýzy. Vytypované boli dva typy rečových porúch v motorickej afázii /jedna je spojená s motorickými orgánmi a druhú predstavuje delená artikulácia/.
|
| 655 |
|
7 |
|a BZB
|2 snkbucl
|9 1080216
|
| 700 |
1 |
1 |
|a Bugárová, Andrea
|4 aut
|9 1214929
|
| 773 |
1 |
|
|t Acta Facultatis Paedagogicae Universitatis Tyrnaviensis : Zborník Pedagogickej fakulty Trnavskej univerzity. Séria A, s. 15-18
|
| 850 |
|
|
|a Slovenská pedagogická knižnica Bratislava
|
| 852 |
|
|
|a SPKCL
|b KIS3GCP
|b 000710000
|n SK
|
| 999 |
|
|
|c 2995693
|d 2997623
|